000 00469nam a2200157 i 4500
001 58880
003 ES-MaACL
005 20230906163918.0
007 t|
008 031024s1962 sp ||||1| spa d
100 1 _aEchevarría, Juan.
_9162563
245 1 0 _aTeoría del dinero y del comercio internacional /
_cJuan Echevarría Gangoiti.
260 _a[Bilbao :
_bs.n.,
_c1962] (
_fGráf. Ordorica)
300 _a421 p. ;
_c24 cm.
852 _aES-MaACL
_jC-22911
_bR.51476
999 _c58880
_d58880